Atlantisch Perspectief

محفوظ في:

التنسيق: دورية

اللغة: Undetermined

منشور في: JSTOR
Stichting Atlantische Commissie

الموضوعات:

الوصول للمادة أونلاين: Login to view Source

الوسوم: إضافة وسم

لا توجد وسوم, كن أول من يضع وسما على هذه التسجيلة!

رقم الطلب:

LEADER 00693nas a2200205Ia 4500
008 220214c99999999xx |||||||||||| ||und||
022 |a 0167-1847 
022 |a 2667-3479 
245 0 0 |a Atlantisch Perspectief 
264 1 |b JSTOR 
264 1 |b Stichting Atlantische Commissie 
362 0 |a Vol. 19(1995)-44 (2020) 
500 |a Content for this title is released as soon as the latest issues become available to JSTOR. 
653 1 0 |a Peace & Conflict Studies 
653 1 0 |a Political Science 
653 1 0 |a Social Sciences 
856 4 0 |u https://www.jstor.org/journal/atlapers 
942 |c JL 
952 |0 0  |1 0  |4 0  |7 1  |9 34099  |a JSR  |b JSR  |d 2022-02-14  |l 0  |r 2022-02-14 00:00:00  |w 2022-02-14  |y JL 
999 |c 42432  |d 42432